000 00917cam a2200277 i 4500
001 3177849
003 OSt
005 20200323115118.0
008 751006s1974 pk ab b 001 0 eng
020 _a9788171511549
040 _coclc
082 0 0 _a297
_bHAM/I
100 _aHamidullah, Muhammad
_91985
245 1 0 _aIntroduction to Islam /
_cMuhammad Hamidullah
250 _a2nd ed.
260 _aNew Delhi:
_bKitab Bhavan:
_c2009.
300 _a348p
490 1 _aSeries - Centre culturel islamique, Paris ;
_vno. 1/a
500 _aAlso published in French, Turkish, German, Arabic, Afrikaans, and Yugoslave.
500 _aIncludes index.
504 _aBibliography: p. [273]
650 0 _aIslam.
830 0 _aSeries (Centre culturel islamique (Paris, France)) ;
_vno. 1/a.
906 _a7
_bcbc
_corignew
_d3
_encip
_f19
_gy-gencatlg
942 _2ddc
_cBK
_h297
_iHAM/I
_k297
_mHAM/I
999 _c22770
_d22770